<?xml version="1.0" encoding="utf-8"?>
<?xml-stylesheet type='text/xsl' href='./oai2.xsl'?>
<OAI-PMH xmlns="http://www.openarchives.org/OAI/2.0/" xmlns:xsi="http://www.w3.org/2001/XMLSchema-instance" xsi:schemaLocation="http://www.openarchives.org/OAI/2.0/ http://www.openarchives.org/OAI/2.0/OAI-PMH.xsd">
  <responseDate>2026-05-15T22:42:14Z</responseDate>
  <request verb="GetRecord" metadataPrefix="marcxml" identifier="record_kuniweb_2507782">https://kulturerbe.niedersachsen.de/oai</request>
  <GetRecord>
    <record>
      <header>
        <identifier>record_kuniweb_2507782</identifier>
        <datestamp>2026-03-31T19:09:18Z</datestamp>
        <setSpec>slg0281</setSpec>
      </header>
      <metadata>
        <marc:record xmlns:marc="http://www.loc.gov/MARC21/slim" xsi:schemaLocation="http://www.loc.gov/MARC21/slim http://www.loc.gov/standards/marcxml/schema/MARC21slim.xsd">
          <marc:leader>12345nrm  22     uu 4500</marc:leader>
          <marc:controlfield tag="001">2507782</marc:controlfield>
          <marc:controlfield tag="003">http://kuniweb.gbv.de</marc:controlfield>
          <marc:controlfield tag="005">2024-04-09T16:04:38</marc:controlfield>
          <marc:controlfield tag="008">|           ||||||||||||||||||||||</marc:controlfield>
          <marc:datafield tag="245" ind1="1" ind2="0">
            <marc:subfield code="a">Andenken / Wimpel-Sammlung / 27. Ostertreffen des 
LV - Niedersachsen e.V. in Wolfsburg</marc:subfield>
          </marc:datafield>
          <marc:datafield tag="655" ind1=" " ind2="7">
            <marc:subfield code="a">Alltagskultur</marc:subfield>
          </marc:datafield>
          <marc:datafield tag="046" ind1=" " ind2=" ">
            <marc:subfield code="k">1993</marc:subfield>
            <marc:subfield code="k">1993</marc:subfield>
          </marc:datafield>
          <marc:datafield tag="260" ind1=" " ind2=" ">
            <marc:subfield code="g">1993</marc:subfield>
            <marc:subfield code="g">1993</marc:subfield>
          </marc:datafield>
          <marc:datafield tag="300" ind1=" " ind2=" ">
            <marc:subfield code="a">Länge: 18 cm
Breite: 14,5 cm (maximal)</marc:subfield>
          </marc:datafield>
          <marc:datafield tag="520" ind1=" " ind2=" ">
            <marc:subfield code="a">69 Wimpel aus zehn verschiedenen, europäischen Ländern 
(z.B. Niederlande, Frankreich Schweden und Deutschland) aus den Jahren 1987 bis 1991. 
Grün/weißer Wimpel, wappenförmig zum 27. Ostertreffen des 
LV - Niedersachsen e.V., dem 30jährigen Bestehen des CC Wolfsburg und zum 18. Camping - Spiel - Spaß - Treffen 1993 in Wolfsburg, beidseitig bedruckt.
Oben rechts ist das Stadtwappen zu sehen. (mit drei silbernen Wellenbalken belegtem Schildfuß, eine zweitürmige Burg, auf deren Zinnenmauer über geschlossenem Tor ein goldener, widersehender Wolf nach rechts schreitet).
Die Wimpel stammen aus der Sammlung von August Wenzel, ehemaliger Sportfunktionär im Deutschen Fußballbund (DFB) (Stadtmuseum Einbeck)

Aufdruck:
27. OSTERTREFFEN des LV - Niedersachsen e.V. mit 30 Jahre CC WOLFSBURG e.V. und mit 18. Camping - Spiel - Spass vom 08.04. - 12.04.1993 in Wolfsburg am Allersee (auf beiden Seiten)</marc:subfield>
          </marc:datafield>
          <marc:datafield tag="650" ind1="1" ind2=" ">
            <marc:subfield code="a">Siegel, Orden, Zeichen, Fahne &gt; Fahne &gt; Wimpel</marc:subfield>
          </marc:datafield>
          <marc:datafield tag="650" ind1="1" ind2=" ">
            <marc:subfield code="a">Gebrauchsgegenstand</marc:subfield>
          </marc:datafield>
          <marc:datafield tag="650" ind1="1" ind2=" ">
            <marc:subfield code="a">Wolfsburg (Niedersachsen)</marc:subfield>
          </marc:datafield>
          <marc:datafield tag="773" ind1="0" ind2=" ">
            <marc:subfield code="t">Sammlung Hobby und Freizeitkultur</marc:subfield>
          </marc:datafield>
          <marc:datafield tag="852" ind1=" " ind2=" ">
            <marc:subfield code="a">Stadtmuseum Einbeck</marc:subfield>
          </marc:datafield>
          <marc:datafield tag="" ind1=" " ind2=" ">
            <marc:subfield code="a">Namensnennung - Weitergabe unter gleichen Bedingungen 4.0 International (CC BY-SA 4.0)</marc:subfield>
          </marc:datafield>
        </marc:record>
      </metadata>
    </record>
  </GetRecord>
</OAI-PMH>
